History Quiz

Random History Quiz
Score 0/50 Timer 10:00
0 Plays Today
Question Answer % Correct
Leader of the Reign of TerrorRobespierre
74.7%
Committee of _________Public Safety
72.7%
Execution device of the French Revolutionguillotine
72.1%
Prison torn down by revolutionariesBastille
70.8%
Marie Antoinette's home nationAustria
70.8%
Finance minister of Louis XVI that was liked by the French peopleNecker
69.5%
Napoleon's final defeatWaterloo
67.5%
Congress of ______Vienna
66.9%
Government created by the Third EstateNational Assembly
64.9%
Napoleon's enacted laws (a civil code)Napoleonic Code
64.9%
Madame DeficitMarie Antoinette
63%
Radical club that emergedJacobins
62.3%
Voice of revolution through his newspaper (stabbed in his bathtub)Marat
62.3%
Beheaded king of FranceLouis XVI
61.7%
Carribean French colony that revoltedHaiti
61.7%
Napoleon's invasion of ______ (blunder)Russia
57.1%
Long pant wearers and radicalssans culottes
56.5%
Family name of Louis XVIBourbon
56.5%
_______ de Gouges (beheaded)Olympe
55.8%
Napoleon sparked liberalism and _______nationalism
55.8%
Napoleon's first wifeJosephine
52.6%
Assembly called into action by Louis XVI Estates General
51.3%
Edmund _____ (criticized Revolution)Burke
50.6%
September ________Massacres
48.7%
Author of 'What is the Third Estate?'Sieyes
48.1%
Question Answer % Correct
Napoleon rose to power through a ______coup d'etat
48.1%
Napoleon's attempt to block English goods from portsContinental System
47.4%
Klemens von ________ (lead Congress of Vienna)Metternich
45.5%
Document commissioned by National AssemblyDeclaration of the Rights of Man and Citizen
42.2%
________ Reaction (after revolution)Thermidorian
41.6%
French aristocrats that fled and tried to cause a counterrevolutionEmigres
39.6%
List of grievances to Louis XVIcahiers
37.7%
Napoleon's first dictitorial titleFirst Consul
37.7%
Cult of ________Reason
37%
Movement of revolts along the French countrysideGreat Fear
35.1%
De-________Christianization
35.1%
Government before NapoleonDirectory
35.1%
Decisive battle victory for Napoleon against Russia and Austria (starts with an a)Austerlitz
34.4%
Policy used by retreating Russiansscorched earth policy
33.8%
The Civil Constitution of the ______clergy
33.1%
Marched to Versailles over bread pricesParisian women
31.8%
Jacques ______ (executed, rallied men to join army)Danton
26%
Napoleon's equal on land (especially in Spain)Wellington
26%
Wrote FaustGoethe
22.7%
ModeratesGirondists
22.7%
Napoleon's enemy in naval confrontations (British Admiral)Lord Nelson
21.4%
Military draftlevee en masse
20.1%
Russian general (wanted to let the winter defeat Napoleon)Kutuzov
20.1%
Spanish revolt against NapoleonPeninsular War
17.5%
Methodist leaderWesley
16.2%
Remove Ads.
Support Sporcle.
Get the best of Sporcle when you Go Orange. This ad-free experience offers more features, more stats, and more fun while also helping to support Sporcle. Thank you for becoming a member.

You're not logged in!

Compare scores with friends on all Sporcle quizzes.
OR
Log In

Show Comments

Extras

Created Dec 19, 2014ReportNominate
Tags:napoleon

Top Quizzes Today


Score Distribution

Your Account Isn't Verified!

In order to create a playlist on Sporcle, you need to verify the email address you used during registration. Go to your Sporcle Settings to finish the process.

Report this User

Report this user for behavior that violates our Community Guidelines.

Details: